00703 2200253 4500001002100000005001500021035002000036007000300056008004100059020002200100082001400122084002000136100002500156245007100181250001500252300003600267600001400303264003500317336002100352337003000373338002300403990001000426990001300436INLIS00000000000025820240815010244 a0010-0622000255ta240815 0 ind  a978-602-7870-99-4 a899.221 3 a899.221 3 PID d0 aPidi BaiqePengarang1 aDilan (Bagian Kedua) :bdia adalah dilanku tahun 1991 /cPidi Baiq aCetakan 26 a344 hlm :bIlustrasi ;c20,5 cm04aPidi Baiq aBandung :bPastel Books,c2018 2rdacontentaTeks 2rdamediaaTanpa Perantara 2rdacarrieraVolume a21.25 a24000121